Olivia Rodrigo song lyrics - No hints ! @21 - Statistics

General Stats
  • This quiz has been taken 27 times
  • The average score is 194 of 272
Answer Stats
Answer % Correct
I
100%
a
95%
go
91%
so
91%
So
91%
you
91%
You
91%
be
86%
do
86%
love
86%
the
86%
We
86%
An
82%
how
82%
know
82%
me ?
82%
me
82%
no
82%
on
82%
to
82%
were
82%
But
77%
but
77%
happy
77%
I'm
77%
in
77%
like
77%
Like
77%
not
77%
One
77%
one
77%
Your
77%
your
77%
all
73%
And
73%
better
73%
can't
73%
Can't
73%
don't
73%
Don't
73%
happier
73%
her
73%
hope
73%
let
73%
mine
73%
someone
73%
when
73%
with
73%
you're
73%
about
68%
are
68%
find
68%
girl
68%
Just
68%
moved
68%
new
68%
she
68%
She
68%
up
68%
was
68%
who
68%
you've
68%
ago
64%
broke
64%
found
64%
great
64%
month
64%
more
64%
my
64%
of
64%
out
64%
selfish
64%
brings
59%
ever
59%
friends
59%
Oh
59%
pretty
59%
she's
59%
She's
59%
think
59%
beautiful
55%
best
55%
Does
55%
heart
55%
it
55%
most
55%
said
55%
seen ?
55%
sweet
55%
tell
55%
thought
55%
bullshit
50%
forgot
50%
mean
50%
never
50%
now
50%
our
50%
past
50%
Say
50%
sunlight
50%
you'll
50%
apart
45%
believed
45%
cuttin'
45%
eternal
45%
first
45%
kind
45%
loved
45%
meant
45%
miss
45%
Remember
45%
wish
45%
butterflies
41%
down
41%
fondly
41%
from
41%
gives
41%
hands
41%
make
41%
probably
41%
really
41%
will
41%
baby
36%
looks
36%
pickin'
36%
detached
32%
wretched
32%
around
27%
Ooh-ooh-ooh
23%
No matching quizzes found
Score Distribution
Percent of People with Each Score
Percentile by Number Answered
Your Score History
You have not taken this quiz